000
00264nam a2200109Ia 4500
005
20251222141922.0
008
251222s9999||||xx |||||||||||||| ||spa||
082
_a
287.31/C76
245
0
_a
Creciendo en Familia
264
_b
Escuela de Padres Católicos
942
_c
LIB
999
_c
8741
_d
8741